000 00497nam a2200169Ia 4500
008 090711s9999 xx 000 0 und d
082 _b43394
100 _aमेहता शशिकला
245 _aही अशी ती तशी
260 _c1980
300 _a196
600 _aमेहता शशिकला
630 _aही अशी ती तशी
700 _aमेहता शशिकला
730 _aही अशी ती तशी
942 _cBOOK
999 _c295791
_d295791